000 00277nam a22001097a 4500
008 170118b xxu||||| |||| 00| 0 eng d
020 _a9781416034759
041 _aeng
080 _27TH
_a618.2
245 _aCLINICAL PROCEDURES FOR MEDICAL ASSISTANTS
_cWEST, K.B
942 _2udc
_cBK
999 _c3074
_d3074